000 00599nam a2200229Ia 4500
003 OSt
005 20230518100118.0
008 210423s2016 xx 000 0 und d
020 _a978-1-107-69669-3
040 _cAL
041 _aeng
082 _a530.11 SCHF
100 _aSCHUTZ (Bernard F)
_9107650
245 _aFirst course in general relatiivity Ed 2
250 _a2
260 _aDelhi
_bCambridge University Press
_c2016
300 _axv,393
_bPB
365 _b1850
_cINR
650 _aPhysics
_9107651
906 _acourse ; Ed ; First ; general ; relatiivity
942 _2ddc
_cBK
999 _c167677
_d167677